Vereine der 1. Bundesliga - Fußball Sudden Death #6 - Statistiken

Allgemein
  • Dieses Quiz wurde 4.870 mal gespielt
  • Das Durchschnittsergebnis liegt bei 11 aus 18
Answers on the Grid
Answers color-coded by a green-red scale on the quiz's grid according to % correct below.
1. FC Heidenheim 1846
1. FC Kaiserslautern
1. FC Köln
1. FC Nürnberg
1. FC Union Berlin
1. FSV Mainz 05
Arminia Bielefeld
Bayer 04 Leverkusen
Borussia Dortmund
Borussia Mönchengladbach
Dynamo Dresden
Eintracht Frankfurt
Energie Cottbus
FC Augsburg
FC Bayern München
FC Schalke
FC St. Pauli
Fortuna Düsseldorf
Hamburger SV
Hannover 96
Hertha BSC
Holstein Kiel
RB Leipzig
SC Freiburg
SV Darmstadt 98
SV Werder Bremen
TSG Hoffenheim
VfB Stuttgart
VfL Bochum 1848
VfL Wolfsburg
 
Antwortstatistiken
Antwort % Korrekt
1. FC Heidenheim 1846
87%
Borussia Mönchengladbach
65%
1. FSV Mainz 05
64%
FC Bayern München
64%
1. FC Union Berlin
63%
Bayer 04 Leverkusen
62%
Borussia Dortmund
62%
Eintracht Frankfurt
62%
FC Augsburg
58%
RB Leipzig
58%
SV Werder Bremen
58%
TSG Hoffenheim
58%
VfB Stuttgart
58%
VfL Wolfsburg
58%
SC Freiburg
56%
FC St. Pauli
54%
VfL Bochum 1848
51%
Holstein Kiel
49%
Keine übereinstimmenden Quizze gefunden
Verteilung der Resultate
Anzahl Personen mit jedem Resultat
Perzentil nach korrekt beantworteten Fragen
Ihre Resultats-Entwicklung
Sie haben dieses Quiz noch nicht gespielt